Cat and mouse in a haunted house / (Record no. 5938)

MARC details
000 -LEADER
fixed length control field 01163cam a2200373 a 4500
001 - CONTROL NUMBER
control field 5938
003 - CONTROL NUMBER IDENTIFIER
control field FISKH
005 - DATE AND TIME OF LATEST TRANSACTION
control field 20250210112039.0
008 - FIXED-LENGTH DATA ELEMENTS--GENERAL INFORMATION
fixed length control field 040706s2004 nyuab b 000 1 eng d
010 ## - LIBRARY OF CONGRESS CONTROL NUMBER
LC control number 2004301113
020 ## - INTERNATIONAL STANDARD BOOK NUMBER
International Standard Book Number 0439559650 (pbk.)
020 ## - INTERNATIONAL STANDARD BOOK NUMBER
International Standard Book Number 9780439559652
035 ## - SYSTEM CONTROL NUMBER
System control number (OCoLC)ocm54483435
040 ## - CATALOGING SOURCE
Original cataloging agency UPZ
Transcribing agency UPZ
Modifying agency DLC
Language of cataloging eng
041 1# - LANGUAGE CODE
Language code of text/sound track or separate title eng
Language code of original ita
042 ## - AUTHENTICATION CODE
Authentication code lcac
-- lccopycat
050 ## - LIBRARY OF CONGRESS CALL NUMBER
Classification number PZ7 .C268776
082 ## - DEWEY DECIMAL CLASSIFICATION NUMBER
Classification number 853.92
100 ## - MAIN ENTRY--PERSONAL NAME
Personal name Stilton, Geronimo
Dates associated with a name (1958-)
245 00 - TITLE STATEMENT
Title Cat and mouse in a haunted house /
Statement of responsibility, etc. Geronimo Stilton
250 ## - EDITION STATEMENT
Edition statement This edition first published in 2000
260 ## - PUBLICATION, DISTRIBUTION, ETC.
Place of publication, distribution, etc. New York :
Name of publisher, distributor, etc. Scholastic,
Date of publication, distribution, etc. 2004.
300 ## - PHYSICAL DESCRIPTION
Extent 113 pages :
Other physical details color illustrations ;
Dimensions 20 cm.
505 ## - FORMATTED CONTENTS NOTE
Formatted contents note G<br/>
520 ## - SUMMARY, ETC.
Summary, etc. Geronimo explores a haunted mansion populated by ghosts.
521 ## - TARGET AUDIENCE NOTE
Target audience note 410<br/>
Source Lexile<br/>
521 ## - TARGET AUDIENCE NOTE
Target audience note G<br/>
Source Raz-Plus<br/>
650 #0 - SUBJECT ADDED ENTRY--TOPICAL TERM
Topical term or geographic name entry element Mice
Form subdivision Juvenile fiction.
650 #0 - SUBJECT ADDED ENTRY--TOPICAL TERM
Topical term or geographic name entry element Animals
Form subdivision Juvenile fiction.
856 42 - ELECTRONIC LOCATION AND ACCESS
Materials specified Publisher description
Uniform Resource Identifier <a href="http://www.loc.gov/catdir/description/schol051/2004301113.html">http://www.loc.gov/catdir/description/schol051/2004301113.html</a>
906 ## - LOCAL DATA ELEMENT F, LDF (RLIN)
a 7
b cbc
c copycat
d 2
e ncip
f 20
g y-gencatlg
942 ## - ADDED ENTRY ELEMENTS (KOHA)
Source of classification or shelving scheme Dewey Decimal Classification
Koha item type Books
Suppress in OPAC No
Holdings
Withdrawn status Lost status Source of classification or shelving scheme Damaged status Not for loan Collection Home library Current library Shelving location Date acquired Total Checkouts Full call number Barcode Date due Date last seen Date last checked out Copy number Price effective from Koha item type
    Dewey Decimal Classification     Juvenile Fiction Footprints International School Library Network Toul Kork Campus Footprints International School Library Network Toul Kork Campus TTP Primary Dark Blue Bookshelves 02/10/2025 1 STI 853.92 PZ7 .C268776 2025-0470 09/03/2025 08/20/2025 08/20/2025 1 02/10/2025 Books